| 000 | 00407nam a2200157Ia 4500 | ||
|---|---|---|---|
| 008 | 240729s9999 xx 000 0 und d | ||
| 022 | _a2090-0058 | ||
| 245 | 0 | _aJournal of Ophthalmology | |
| 260 | _aUnited Kingdom | ||
| 260 | _bHindawi Limited | ||
| 650 | _a Ophthalmology | ||
| 650 | _aMedicine | ||
| 856 | _uhttps://doaj.org/toc/670436375184414e8015fb51697966c7 | ||
| 942 | _2ddc | ||
| 942 | _cDOAJEJ | ||
| 999 |
_c71780 _d71780 |
||
| 945 |
_a1 _bMadushi Gamage _c1 _dMadushi Gamage |
||